000 00373 a2200145 4500
999 _c8454
_d8454
020 _a0627010253
050 0 0 _aPL8771.MAN 1991
100 1 _aMaumela, T. N.,
_d1924-
245 1 0 _aVhuhosi vhu tou bebelwa
_cby T. N. Maumela.
264 _aWestern cape:
_bJ.L Van schaik.,
_c1962
300 _a136 p.
500 _ano index
650 _aVENDA
942 _2lcc
_cBK
_h8745
_iMAN
_kPL